000 01050nab a22002537a 4500
999 _c6483
_d6483
003 OSt
005 20260212135725.0
008 190506c xxu||||| |||| 00| 0 spa d
040 _cPJ
100 _97097
_aFernández, Stefania Soledad
245 1 3 _aEl rol de las mujeres en la negociación colectiva en el Derecho Colectivo del Trabajo /
_cStefania Soledad Fernández, Juan Ignacio Diaz Carinelli.
260 _aBuenos Aires :
_bAbeledoPerrot,
_c2023.
300 _ap. 23-29
500 _aCita: TR LALEY AR/DOC/916/2023.
505 _t¿Te interesa el texto completo? Comunicate al correo: koha@justierradelfuego.gov.ar
650 0 _91316
_aDERECHO LABORAL
650 0 _94044
_aPERSPECTIVA DE GÉNERO
650 0 _91577
_aDISCRIMINACION LABORAL
650 0 _91354
_aCONVENIOS COLECTIVOS DE TRABAJO
650 0 _91367
_aASOCIACIONES SINDICALES
700 _97098
_aDiaz Carinelli, Juan Ignacio
773 0 _02751
_93202
_dBuenos Aires : AbeledoPerrot, 2013-
_tRevista de derecho laboral y seguridad social. Nº 11 - Junio 2023
942 _2udc
_cANA